Statistiche per Stati per tasso di Matrimonio

Clicka qui per fare il quiz!

Statistiche generali

  • Questo quiz è stato fatto 4 volte
  • Il punteggio medio è 4 su 10

Statistiche sulle risposte

Matrimoni / 1 000 persone / annoContinenteNazione% Corretto
9,6AfricaEgitto
100%
8,0EuropaAlbania
67%
9,5America del NordBahamas
33%
8,9AsiaCipro
33%
9,8OceaniaFigi
33%
7,8AsiaKirghizistan
33%
7,9AfricaMauritius
33%
8,9AsiaTagikistan
33%
9,5AsiaUzbekistan
33%
10,0AsiaPalestina
0%

Distribuzione punteggi

Percentile per numero di risposta

Percentuale di utenti per punteggio

I tuoi punteggi nel tempo

Non hai fatto questo quiz